| 000 | 00865nam a2200217 a 4500 | ||
|---|---|---|---|
| 003 | EG-GiCUC | ||
| 008 | 090418s1999 su b g 000 0 ara d | ||
| 017 | _a191089 | ||
| 040 |
_aEG-GiCUC _bara _cEG-GiCUC |
||
| 092 | 0 | 4 |
_a549.9531 _bA8813 _221 |
| 099 |
_a04 _a549.9531 A8813 |
||
| 245 | 0 | 0 |
_aاطلس المعادن الصناعية بالمملكة العربية السعودية/ _cدانيال لوران...[واخ.]؛ترجمة حسين محمد صابر...[واخ.] |
| 260 |
_aجدة: _bوزارة البترول والثروة المعدنية: _c1999 |
||
| 300 |
_a130ص: _bخرائط ملونة؛ _c33.5x48.5سم |
||
| 650 | 7 |
_aالمعادن الصناعية _zالسعودية _2qrmak |
|
| 700 | 1 |
_aصابر : حسين محمد _eمترجم |
|
| 700 | 1 | _aلوران : دانيال | |
| 902 | _a1 | ||
| 905 |
_aعبير _eمدخل |
||
| 942 |
_2ddc _cREF |
||
| 999 |
_c112079 _d112079 |
||